LEADER 03049nas 2200649- 450 001 9910249455203321 005 20241223110052.0 011 $a1867-0202 035 $a(DE-599)ZDB2478345-6 035 $a(OCoLC)319012217 035 $a(CKB)1000000000543523 035 $a(CONSER)--2017207451 035 $a(MiFhGG)3WWE 035 $a(EXLCZ)991000000000543523 100 $a20090422a20099999 --- a 101 0 $aeng 135 $aur||||||||||| 181 $ctxt$2rdacontent 182 $cc$2rdamedia 183 $acr$2rdacarrier 200 00$aBusiness & information systems engineering 210 1$a[Wiesbaden, Germany] :$cGabler Verlag,$d2009- 215 $a1 online resource 300 $aRefereed/Peer-reviewed 300 $aPublished online only, 2009- 311 08$a2363-7005 330 3 $aThe journal's objective is to cement its competitive position as a prominent journal of the BISE (Business & Information Systems Engineering) community and reinforce that status through quality improvements and extending its readership. In addition, the journal seeks to establish design science oriented research within the global arena, secure a lasting position and reputation in the global BISE community, and foster constructive dialogue among the discipline's differing international models. Therefore, the journal aims at further developing the theoretical foundations of action in order to preserve sustainable approaches despite tempestuous technical development. Besides, the journal aspires to promote technology transfer in order to make better solutions available faster and to considerably reduce costs of system design and operation. The central mission is to develop, promote, and shape the BISE discipline for the benefit of its members and society. 517 1 $aBusiness and information systems engineering 517 1 $aBISE 531 $aBUSINESS AND INFORMATION SYSTEMS ENGINEERING 531 $aBUS INFORM SYST ENG+ 531 $aBUS. INF. SYST. ENG 531 0 $aBus. inf. syst. eng. 606 $aElectronic digital computers$vPeriodicals 606 $aElectronic data processing$vPeriodicals 606 $aOrdinateurs$vPériodiques 606 $aElectronic data processing$2fast 606 $aElectronic digital computers$2fast 606 $aSistemes d'informació per a la gestió$2thub 606 $aTecnologia de la informació$2thub 608 $aPeriodicals$2fast 608 $aZeitschrift.$2gnd-content 608 $aRevistes electròniques.$2thub 615 0$aElectronic digital computers 615 0$aElectronic data processing 615 6$aOrdinateurs 615 7$aElectronic data processing 615 7$aElectronic digital computers 615 7$aSistemes d'informació per a la gestió. 615 7$aTecnologia de la informació. 676 $a004 686 $a004$qDE-600$2sdnb 686 $a004$a795$2zdbs 906 $aJOURNAL 912 $a9910249455203321 996 $aBusiness & information systems engineering$92245744 997 $aUNINA